000 00682nam a22001937a 4500
999 _c1907
_d1907
003 AR-CdUCM
008 190228b ||||| |||| 00| 0 spa d
040 _aMUNICIPALIDAD PROVINCIAL DEL CUSCO
_cBIBLIOTECA MUNICIPAL DEL CUSCO
082 _a869.56 /
_bG26
100 _aGarrido Malaver, Julio
_92596
245 _aEl hijo del universo /
260 _aTrujillo :
_bMunicipalidad Provincial de Trujillo. Casa del Artista,
_bEdisiones SEA,
_c1992.
300 _a106 páginas ;
_c20 cm.
440 _aColección homenaje al centenario de César Vallejo.
_n11-12
_96972
650 _aPoesías peruanas
_91481
650 _aPoesías siglo XX
_93861
942 _2ddc
_cLIBROS
945 _azta